Skyjack!
When a large plane is hijacked, the Prime Minister looks at the list of passengers and suddenly becomes very frightened. There is a name on the list that the Prime Minister knows vere well - too well. There is someone on that plane who will soon be dead - if the hijackers can find out who he is! And...
Сохранить в:
| Главный автор: | |
|---|---|
| Формат: | |
| Язык: | Undetermined |
| Опубликовано: |
Oxford
Oxford Univ. Press
1997
|
| Предметы: | |
| Метки: |
Добавить метку
Нет меток, Требуется 1-ая метка записи!
|
| Thư viện lưu trữ: | Trung tâm Học liệu Trường Đại học Cần Thơ |
|---|
| LEADER | 01152nam a2200229Ia 4500 | ||
|---|---|---|---|
| 001 | CTU_34888 | ||
| 008 | 210402s9999 xx 000 0 und d | ||
| 020 | |b 16000 | ||
| 082 | |a 823.9 | ||
| 082 | |b V629 | ||
| 100 | |a Vicary, Tim | ||
| 245 | 0 | |a Skyjack! | |
| 245 | 0 | |c Tim Vicary | |
| 260 | |a Oxford | ||
| 260 | |b Oxford Univ. Press | ||
| 260 | |c 1997 | ||
| 520 | |a When a large plane is hijacked, the Prime Minister looks at the list of passengers and suddenly becomes very frightened. There is a name on the list that the Prime Minister knows vere well - too well. There is someone on that plane who will soon be dead - if the hijackers can find out who he is! And there isn't much time. One man lies dead on the runway. In a few minutes the hijackers will use their guns again. And the prime Minister knows who they are going to kill. | ||
| 650 | |a English fiction,English literature | ||
| 650 | |y 20th century | ||
| 904 | |i Minh, Qhieu | ||
| 910 | |a Quyển có số ĐKCB MOL.001443 mất thay bằng cuốn cùng tên ấn bản năm 2000 có cùng số ĐKCB | ||
| 980 | |a Trung tâm Học liệu Trường Đại học Cần Thơ | ||